Statistics for Asterix French Departments Visited Map

Click here to take the quiz!

General Stats

  • This quiz has been taken 57 times
  • The average score is 11 of 20

Answers on the Map

Answers color-coded by a green-red scale on the quiz's map according to % correct below.
 

Answer Stats

Departments% Correct
Paris
94%
Nord
69%
Alpes-Maritimes
62%
Rhône
62%
Gironde
56%
Moselle
56%
Bouches-du-Rhône
54%
Finistère
54%
Haute-Corse
54%
Ille-et-Vilaine
54%
Seine-Maritime
52%
Somme
52%
Haute-Garonne
50%
Morbihan
50%
Loiret
48%
Marne
48%
Lot-et-Garonne
46%
Sarthe
46%
Puy-de-Dôme
44%
Allier
40%

Score Distribution

Percentile by Number Answered

Percent of People with Each Score

Your Score History

You have not taken this quiz